History Quiz: Empires - Statistics

General Stats
  • This quiz has been taken 95 times
  • The average score is 7 of 15
Answer Stats
Question Answer % Correct
Which of these countries has never controlled an empire? Switzerland
76%
Which of these empires ended most recently? Empire of Japan
71%
Which of these empires wasn't ruled by a Mongolian dynasty? Khazar Khaganate
71%
In which modern country did the first capital of the Seleucid Empire exist? Iraq
65%
Huáscar was the ruler of which of these empires? Inca
59%
In 1792, the Russian Empire fought in a war against which nation? Polish-Lithuanian Commonwealth
53%
The city of Pondicherry, once part of the French empire, is in which country? India
47%
Remnants of the empire of Srivijaya were found in which of these Indonesian cities? Palembang
47%
Which empire conquered Ancient Egypt twice? Achaemenid
41%
Which other Indian empire fought against the Mughal Empire between 1680 and 1707? Maratha
41%
Which of these reached the greatest size? Umayyad Caliphate
41%
Once the capital of the Mali Empire, Niani in Guinea is now classed as a what? Village
41%
Which of these was a king of the Akkadian Empire? Rimush
29%
Which of these reached the greatest size? Tibetan Empire
24%
Which of these Chinese dynasties reached the largest size? Tang
0%
No matching quizzes found
Score Distribution
Percent of People with Each Score
Percentile by Number Answered
Your Score History
You have not taken this quiz